| 000 | 01013nac a22002771u 4500 | ||
|---|---|---|---|
| 010 | _a 89961747 | ||
| 020 | _a9771495062 | ||
| 035 | _a(OCoLC)21379152 | ||
| 082 |
_a301.340963 _bFAT |
||
| 090 |
_c5628 _d5628 |
||
| 100 | _aFathy, Hassan. | ||
| 245 | 1 | 0 |
_aGourna : _ba tale of two villages / _cby Hassan Fathy. |
| 250 | _a2nd ed. | ||
| 260 |
_aGuizeh, Egypt : _bForeign Cultural Information Dept. : _bPrism Publications Offices,1989 _c1989. |
||
| 300 |
_a233, [96] p. of plates : _bill. ; _c24 cm. |
||
| 440 | 0 |
_aPrism art series ; _v4 |
|
| 500 | _adistributer: Al-Ahram | ||
| 504 | _aIncludes bibliographical references. | ||
| 511 | _acatalogued by: wessam | ||
| 650 | 0 |
_aHousing, Rural _zEgypt _zQurna. |
|
| 650 | 0 |
_aHousing _zEgypt _zQurna. |
|
| 650 | 0 |
_aRural development _zEgypt _zQurna. |
|
| 651 | 0 |
_aEgypt _xRural conditions. |
|
| 942 |
_cBB _k301.340963FAT |
||
| 999 |
_c5628 _d5628 |
||